Fortalezas externas y consumo de alcohol en adolescentes (Record no. 181753)

MARC details
000 -CABECERA
campo de control de longitud fija 02379nab a2200301 a 4500
005 - FECHA Y HORA DE LA ÚLTIMA TRANSACCIÓN
campo de control 20210219162724.0
008 - ELEMENTOS DE LONGITUD FIJA--INFORMACIÓN GENERAL
campo de control de longitud fija 991125s1985 mx 000 0 spa u
035 ## - NÚMERO DE CONTROL DEL SISTEMA
Número de control de sistema UPN01000209652
049 ## - COLECCIÓN
Colección ART
100 1# - ASIENTO PRINCIPAL--NOMBRE PERSONAL
Nombre de persona Andrade Palos, Patricia
100 1# - ASIENTO PRINCIPAL--NOMBRE PERSONAL
Nombre de persona Sánchez Xicotencatl, Carlos Omar
100 1# - ASIENTO PRINCIPAL--NOMBRE PERSONAL
Nombre de persona Morales Demetrio, Norma
100 1# - ASIENTO PRINCIPAL--NOMBRE PERSONAL
Nombre de persona González González, Alejandro
222 #0 - TÍTULO CLAVE
Título clave PSICOLOGIA IBEROAMERICANA
245 00 - MENCIÓN DE TÍTULO
Título Fortalezas externas y consumo de alcohol en adolescentes
260 ## - PUBLICACIÓN, DISTRIBUCIÓN, ETC.
Lugar de publicación, distribución, etc. México
300 ## - DESCRIPCIÓN FÍSICA
Extensión 27-35
362 0# - FECHAS DE PUBLICACIÓN Y/O DESIGNACIÓN SECUENCIAL
Fecha de publicación y/o designación secuencial 2015 Volumen 23, número 2, julio-diciembre
520 3# - NOTA DE RESUMEN, ETC.
Sumario, etc. La presente investigación tuvo como propósito identificar el nivel predictivo de algunas fortalezas externas que protegen a los jóvenes del consumo de alcohol. Se seleccionó una muestra no probabilística de 996 estudiantes de preparatorias públicas y privadas de la Ciudad de México, 41.1% hombres y 58.9% mujeres con un promedio de edad de 16.9 años (D. E. = 1.3). Las fortalezas externas relacionadas con la familia se evaluaron con la dimensión de supervisión de la Escala de Estilos Parentales (Andrade & Betancourt, 2008). Las fortalezas externas asociadas con amigos se evaluaron con una escala diseñada específicamente para este estudio, la cual consta de tres dimensiones: 1) no tener amigos con conductas de riesgo, 2) no tener amigos que se involucren en conductas antisociales, 3) tener amigos con conductas saludables. El consumo de alcohol se evaluó con base en un indicador de frecuencia y cantidad. Los resultados mostraron diferencias significativas en casi todas las fortalezas externas evaluadas por sexo, excepto en la supervisión paterna. Por lo que respecta a los predictores, en el caso de los varones, el hecho de que no tengan amigos con conductas de riesgo y la supervisión materna fueron las variables que explicaron 13% de la varianza del no riesgo al consumo de alcohol. Para las mujeres, las variables que entraron al modelo de regresión fueron el no tener amigos con conductas de riesgo y la supervisión tanto materna como paterna, que explicaron 19% de la varianza
653 0# - TERMINO DE INDIZACION - NO CONTROLADO
Término no controlado CONSUMO DE ALCOHOL
653 0# - TERMINO DE INDIZACION - NO CONTROLADO
Término no controlado JOVENES
653 0# - TERMINO DE INDIZACION - NO CONTROLADO
Término no controlado CIUDAD DE MEXICO
653 0# - TERMINO DE INDIZACION - NO CONTROLADO
Término no controlado FORTALEZAS
653 0# - TERMINO DE INDIZACION - NO CONTROLADO
Término no controlado AMIGOS
653 0# - TERMINO DE INDIZACION - NO CONTROLADO
Término no controlado SUPERVISION
856 4# - LOCALIZACIÓN Y ACCESO ELECTRÓNICOS
Identificador Uniforme del Recurso <a href="http://www.redalyc.org/articulo.oa?id=133944231004">http://www.redalyc.org/articulo.oa?id=133944231004</a>
905 ## - TIPO DE MATERIAL
Tipo de material Articulo

No items available.